01608cam a2200325 a 4500999001700000001000700017005001700024008004100041010001700082020003300099020003200132050002400164130003400188245016200222260006100384300004100445500004000486500020300526500009800729504006400827650004100891650004300932700002900975700002401004710004501028710004401073710002501117942001501142952012501157 c26561d2656161492520170204153825.0920420s1992 nyua bc 001 0 eng  a 92016158  a1878271652 (cloth) :c$65.00 a1878271660 (pbk.) :c$40.0000aN6831.5 .C8C47 19920 aČeský kubismus.lEnglish.10aCzech cubism :barchitecture, furniture, and decorative arts, 1910-1925 /cedited by Alexander von Vegesack, with texts by Milena B. Lamarová ... [et al.]. aNew York, N.Y. :bPrinceton Architectural Press,cc1992. a337 p. :bill. (some col.) ;c31 cm. aTranslation of: Český kubismus. a"This exhibition was prepared by the Museum of Decorative Arts, Prague, in collaboration with the National Technical Museum, Prague, and the Vitra Design Museum, Weil am Rhein, Germany"--T.p. verso. aHeld at the Museum of Decorative Arts, Prague, May 16, 1991-June 30, 1991, and other museums. aIncludes bibliographical references (p. 331-333) and index. 0aCubismzCzechoslovakiavExhibitions. 0aArt, Czechy20th centuryvExhibitions.1 aVegesack, Alexander von.1 aLamarová, Milena.2 aUměleckoprůmyslové muzeum v Praze.2 aNárodní technické muzeum v Praze.2 aVitra Design Museum. 2lcccBOOKS 00102lcc4070aMUCbMUCcTECHd2017-02-04eDonation(BFA)l0oN6831.5 .C8C47 1992p34169r2018-09-13w2017-02-04yBOOKS